000 00353nam a22001457a 4500
008 210310b ||||| |||| 00| 0 eng d
020 _a0538828528
041 _aeng
080 _23rd
_a330.101.542
082 _a330.101.542
100 _a52
101 _aMIKRO
245 _aMicroeonomics a Contemporary Introduction
_cEachern,W.A
942 _2udc
_cBK
999 _c56148
_d56148